Hacía un programa de desarrollo cultural para la República Dominicana : (Registro nro. 13658)
[ vista simple ]
| 000 -LEADER | |
|---|---|
| fixed length control field | 01141nam a2200277 a 4500 |
| 001 - CONTROL NUMBER | |
| control field | |
| 003 - CONTROL NUMBER IDENTIFIER | |
| control field | DO-SdBNP |
| 005 - DATE AND TIME OF LATEST TRANSACTION | |
| control field | 20210818101552.0 |
| 008 - FIXED-LENGTH DATA ELEMENTS--GENERAL INFORMATION | |
| fixed length control field | 100222s1998 dr 000 0 spa d |
| 040 ## - CATALOGING SOURCE | |
| Original cataloging agency | DO-SdBNP |
| Language of cataloging | spa |
| Transcribing agency | BPMSU |
| 082 ## - DEWEY DECIMAL CLASSIFICATION NUMBER | |
| Classification number | 306.097293 |
| Item number | H117p 1998 |
| Edition number | 22 |
| 245 00 - TITLE STATEMENT | |
| Title | Hacía un programa de desarrollo cultural para la República Dominicana : |
| Remainder of title | informes sobre el diagnótico participativo del sector cultural / |
| Statement of responsibility, etc. | editores Luis O. Brea Franco, Ramón A. Victoriano M. |
| 260 ## - PUBLICATION, DISTRIBUTION, ETC. (IMPRINT) | |
| Place of publication, distribution, etc. | Santo Domingo : |
| Name of publisher, distributor, etc. | Consejo Presidencial para la Cutura : |
| -- | PNUD, |
| Date of publication, distribution, etc. | 1998. |
| 300 ## - PHYSICAL DESCRIPTION | |
| Extent | v. ; |
| Dimensions | 22 cm. |
| 500 ## - GENERAL NOTE | |
| General note | Incluye referencias bibliográficas y notas al pie de las páginas |
| 505 0# - FORMATTED CONTENTS NOTE | |
| Formatted contents note | v. 1 . |
| Title | Compendio de legislación cultural. |
| 590 ## - LOCAL NOTE (RLIN) | |
| Local note | Inventariado, 2021/VM |
| 650 #4 - SUBJECT ADDED ENTRY--TOPICAL TERM | |
| Topical term or geographic name as entry element | Cultura |
| Geographic subdivision | República Dominicana |
| 651 #4 - SUBJECT ADDED ENTRY--GEOGRAPHIC NAME | |
| Geographic name | República Dominicana |
| General subdivision | Política Cultural |
| 700 12 - ADDED ENTRY--PERSONAL NAME | |
| Personal name | Brea Franco, Luis O. |
| Relator term | ed. |
| 700 12 - ADDED ENTRY--PERSONAL NAME | |
| Personal name | Victoriano M., Ramón A. |
| Relator term | ed. |
| 710 2# - ADDED ENTRY--CORPORATE NAME | |
| Corporate name or jurisdiction name as entry element | Consejo Presidencial de Cultura.(República Dominicana) |
| 710 2# - ADDED ENTRY--CORPORATE NAME | |
| Corporate name or jurisdiction name as entry element | Programa de la Naciones Unidas para el Desarrollo |
| 910 ## - USER-OPTION DATA (OCLC) | |
| User-option data | VMateo V. |
| 942 ## - ADDED ENTRY ELEMENTS (KOHA) | |
| Source of classification or shelving scheme | Dewey Decimal Classification |
| Koha item type | Libros |
| Withdrawn status | Lost status | Source of classification or shelving scheme | Damaged status | Not for loan | Collection code | Home library | Current library | Date acquired | Source of acquisition | Full call number | Barcode | Date last seen | Copy number | Price effective from | Koha item type |
|---|---|---|---|---|---|---|---|---|---|---|---|---|---|---|---|
| Dewey Decimal Classification | Colección Dominicana | Biblioteca Pública Metropolitana Salomé Ureña | Biblioteca Pública Metropolitana Salomé Ureña | 08/18/2021 | ICDA | BPMSU CD 306.097293 H117p 1998 | BPMSU21080054 | 08/18/2021 | v.1 | 08/18/2021 | Libros | ||||
| Dewey Decimal Classification | Colección Dominicana | Biblioteca Pública Metropolitana Salomé Ureña | Biblioteca Pública Metropolitana Salomé Ureña | 08/18/2021 | ICDA | BPMSU CD 306.097293 H117p 1998 | BPMSU21120013 | 12/08/2021 | v.1, e.2 | 08/18/2021 | Libros |